000 00290nam a22001337a 4500
008 170424b xxu||||| |||| 00| 0 eng d
020 _a9780815334804
041 _aeng
080 _a573
100 _a11
101 _aSHM
245 _aESSENTIAL CELL BIOLOGY
_cBRAY.A
942 _2udc
_cBK
999 _c11581
_d11581